000 00467nam a2200205Ia 4500
005 20251020182546.0
008 200515s9999 xx 000 0 und d
082 _a747:728.712/A81
100 _aASENSIO CERVER, Francisco
245 0 _aDecoración de apartamentos
250 _a2a ed.
260 _aBarcelona
260 _c1978
300 _a157
500 _a1 ejemplar
650 _aDECORACION
650 _aDEPARTAMENTOS
650 _aLIB
942 _cLIB
999 _c2563
_d2563